000 01088nam a2200289 a 4500
001 50503
003 BD-RjUL
005 20211209075523.0
008 160827s1926 nyu 001 0 eng
035 _a(BD-RjUL) 50623
040 _aDLC
_cFNP
_dEQO
_dBD-RjUL
_beng
041 _aeng
082 _223
_a330.9
_bFRF 1926
100 1 _aFraser, Herbert F.
_q(Herbert Freeman),
_d1890-
_9151283
245 1 0 _aForeign trade and world politics :
_ba study of the international foundations of prosperity with particular reference to American conditions /
_cHerbert F. Fraser.
260 _aNew York :
_bKnopf,
_cc1926.
300 _a346 p. ;
_c22 cm.
490 0 _aBorzoi political science texts.
504 _a"Bibliographical note on the diplomacy of the war": p. 334-337 and index.
650 0 _aEconomic history
_y20th century
_9130652
650 0 _aCommerce.
_9151284
650 0 _aWorld politics.
_9151285
650 0 _aInternational cooperation.
_9151286
651 0 _aUnited States
_xCommercial policy.
_9134624
830 _aBorzoi political science texts.
_9151290
942 _2ddc
_cBK
999 _c50503
_d50503